On Truth (Record no. 678)
[ view plain ]
| 000 -LEADER | |
|---|---|
| fixed length control field | nam a22 a 4500 |
| 005 - DATE AND TIME OF LATEST TRANSACTION | |
| control field | 20170504151233.0 |
| 008 - FIXED-LENGTH DATA ELEMENTS--GENERAL INFORMATION | |
| fixed length control field | 170504b1982 - ||||| |||| 00| 0 eng d |
| 020 ## - INTERNATIONAL STANDARD BOOK NUMBER | |
| International Standard Book Number | 0819125695 (pbk.) |
| 020 ## - INTERNATIONAL STANDARD BOOK NUMBER | |
| International Standard Book Number | 0819125687 |
| 040 ## - CATALOGING SOURCE | |
| Original cataloging agency | AKMAL |
| 082 ## - DEWEY DECIMAL CLASSIFICATION NUMBER | |
| Classification number | 191 BOS |
| 090 ## - LOCALLY ASSIGNED LC-TYPE CALL NUMBER (OCLC); LOCAL CALL NUMBER (RLIN) | |
| Classification number (OCLC) (R) ; Classification number, CALL (RLIN) (NR) | 191 |
| Local cutter number (OCLC) ; Book number/undivided call number, CALL (RLIN) | BOS |
| 100 ## - MAIN ENTRY--PERSONAL NAME | |
| Personal name | Richard Bosley |
| 9 (RLIN) | 1451 |
| 245 ## - TITLE STATEMENT | |
| Title | On Truth |
| Remainder of title | A Neo-pragmatist treatise in Logic, Metaphysics and Epistemology |
| Statement of responsibility, etc. | Richard Bosley |
| 260 ## - PUBLICATION, DISTRIBUTION, ETC. | |
| Place of publication, distribution, etc. | Washington D.C |
| Name of publisher, distributor, etc. | University Press of America, Inc |
| Date of publication, distribution, etc. | 1982 |
| 300 ## - PHYSICAL DESCRIPTION | |
| Extent | 230 pg |
| Dimensions | cm |
| 942 ## - ADDED ENTRY ELEMENTS (KOHA) | |
| Source of classification or shelving scheme | |
| Koha item type | Book |
| Withdrawn status | Lost status | Source of classification or shelving scheme | Damaged status | Not for loan | Collection code | Home library | Current library | Shelving location | Date acquired | Inventory number | Total Checkouts | Full call number | Barcode | Date last seen | Price effective from | Koha item type |
|---|---|---|---|---|---|---|---|---|---|---|---|---|---|---|---|---|
| NON-FICTION | AKMAL Melaka | AKMAL Melaka | PINJAMAN | 04.05.2017 | 100141 | 191 BOS | 201701570 | 04.05.2017 | 04.05.2017 | Book | ||||||
| NON-FICTION | AKMAL Melaka | AKMAL Melaka | PINJAMAN | 04.05.2017 | 100142 | 191 BOS | 201701569 | 04.05.2017 | 04.05.2017 | Book |
